How to Enjoy Your Life and Your Job / (Record no. 2050)
[ view plain ]
| 000 -LEADER | |
|---|---|
| fixed length control field | 00584nam a2200229 a 4500 |
| 001 - CONTROL NUMBER | |
| JCCL Control Number | 2050 |
| 003 - CONTROL NUMBER IDENTIFIER | |
| JCCL marc code | BD-JhCC |
| 005 - DATE AND TIME OF LATEST TRANSACTION | |
| control field | 20230202134024.0 |
| 008 - FIXED-LENGTH DATA ELEMENTS--GENERAL INFORMATION | |
| fixed length control field | 171029b19701985n |||| || | 001 0 eng d |
| 020 ## - INTERNATIONAL STANDARD BOOK NUMBER | |
| International Standard Book Number | 9780671708269 |
| 035 ## - SYSTEM CONTROL NUMBER | |
| system control number | (BD-JhCC)2050 |
| 040 ## - CATALOGING SOURCE | |
| Original cataloging agency | BD-JhCC |
| Modifying agency | BD-JhCC |
| 041 ## - LANGUAGE CODE | |
| Language code of Book | eng |
| 082 ## - DEWEY DECIMAL CLASSIFICATION NUMBER | |
| Classification number | 158.1 |
| Author mark and Year | CAR 1985 |
| 100 ## - MAIN ENTRY--PERSONAL NAME | |
| Personal name | Carnegie, Dale |
| 245 ## - TITLE STATEMENT | |
| Title | How to Enjoy Your Life and Your Job / |
| Statement of responsibility, etc | Dale Carnegie, |
| 260 ## - PUBLICATION, DISTRIBUTION, ETC. (IMPRINT) | |
| Place of publication, distribution, etc | New York : |
| Name of publisher, distributor, etc | Pocket Books, |
| Date of publication, distribution, etc | 1985 |
| 300 ## - PHYSICAL DESCRIPTION | |
| Pagination | 220 p. : |
| Dimensions | 20 cm. |
| 650 ## - SUBJECT ADDED ENTRY--TOPICAL TERM | |
| Topical term or geographic name as entry element | Conduct of Life |
| 942 ## - ADDED ENTRY ELEMENTS (KOHA) | |
| Source of classification or shelving scheme | Dewey Decimal Classification |
| Koha item type | Books |
| Koha issues (borrowed), all copies | 11 |
| Source of classification or shelving scheme | Damaged status | Not for loan | Home library | Current library | Shelving location | Date of accession | Cost, normal purchase price | Total Checkouts | Full call number | Barcode | Date last seen | Date checked out | Copy number | Koha item type |
|---|---|---|---|---|---|---|---|---|---|---|---|---|---|---|
| Dewey Decimal Classification | JCC Rouf Library | JCC Rouf Library | General Stacks | 04/28/2024 | 7.99 | 5 | 158.1 CAR 1985 | 3355 | 06/06/2024 | 04/28/2024 | C-1 | Books | ||
| Dewey Decimal Classification | JCC Rouf Library | JCC Rouf Library | General Stacks | 08/23/2020 | 270.00 | 12 | 158.1 CAR 2016 | 16036 | 01/21/2026 | 11/16/2025 | C-2 | Books |